| 000 | 00402nam a22001457a 4500 | ||
|---|---|---|---|
| 003 | SGT | ||
| 082 |
_a617.69 _bE24G |
||
| 100 | _aGarg, Tanishka | ||
| 245 | _aEvaluation of stresses on prosthetic screw in a short | ||
| 260 |
_aHaryana, India _bDept. of Prosthodontics, SGT University _c2024 |
||
| 300 | _a69 | ||
| 650 | _aMDS Prosthodontics | ||
| 653 | _aFaculty of Dental Sciences | ||
| 942 |
_2ddc _cTH |
||
| 999 |
_c27103 _d27103 |
||